Les 50 Meilleurs Joueurs de Ligue 1 sur FC 25 (Fifa 25) - Statistiques

Statistiques générales
  • Ce quiz a été pris 178 fois
  • Le résultat moyen est 31 sur 50
Statistiques - réponses
Poste Equipe Général Réponse % Correct
Gardien PSG 89 Gianluigi Donnarumma
99%
AD / MOC PSG 86 Ousmane Dembele
97%
DD PSG 84 Achraf Hakimi
94%
DC PSG 87 Marquinhos
94%
BU OL 82 Alexandre Lacazette
93%
DG PSG 83 Nuno Mendes
93%
Gardien RC Lens 82 Brice Samba
92%
MC / MDC PSG 85 Vitinha
91%
BU LOSC 81 Jonathan David
87%
DC / DG PSG 83 Lucas Hernandez
87%
AG / AD PSG 80 Bradley Barcola
85%
BU PSG 79 Gonçalo Ramos
85%
DC PSG 78 Willian Pacho
81%
MC / MDC PSG 82 Fabian Ruiz
80%
MC / MDC PSG 79 Joao Neves
80%
Gardien LOSC 80 Lucas Chevalier
77%
BU PSG 82 Randal Kolo Muani
77%
DC PSG 81 Presnel Kimpembe
75%
MC / MDC PSG 80 Warren Zaire-Emery
70%
MOC / MC Montpellier 80 Teji Savanier
69%
MDC / MC LOSC 80 Benjamin Andre
62%
Gardien OM 79 Geronimo Rulli
62%
DC RC Lens 80 Kevin Danso
61%
MD / BU / AG OM 79 Mason Greenwood
61%
Gardien OL 79 Anthony Lopes
59%
DD / MD OGC Nice 80 Jonathan Clauss
58%
DC OM 79 Leo Balerdi
58%
MG / MOC AS Monaco 81 Aleksandr Golovin
56%
DC RC Lens 80 Facundo Medina
56%
DC OGC Nice 79 Dante
54%
Gardien Toulouse FC 78 Guillaume Restes
54%
MDC / MC OM 79 Valentin Rongier
54%
MOC / MC / AD PSG 79 Lee Kang In
51%
MC / MDC OL 80 Jordan Veretout
50%
Gardien OGC Nice 79 Marcin Bulka
48%
MDC / MC Stade Brestois 79 Pierre Lees-Melou
47%
MDC / MC AS Monaco 79 Denis Zakaria
42%
Gardien Stade Brestois 79 Marco Bizot
41%
MDC / MC OL 80 Nemenja Matic
41%
MD / AD LOSC 79 Eden Zhegrova
40%
DC OM 79 Chancel Mbemba
39%
MC / MDC OM 79 Geoffrey Kondogbia
39%
MOC / MD / MG AS Monaco 79 Takumi Minamino
39%
DC / DD AS Monaco 79 Wilfried Singo
39%
AD / MD Stade Brestois 79 Romain Del Castillo
38%
Gardien RC Strasbourg 79 Dorde Petrovic
35%
AD / MC PSG 81 Marco Asensio
34%
MDC / MC OM 80 Pierre-Emile Hojbjerg
30%
AG / MG OL 81 Wilfried Zaha
23%
DD / DC AS Monaco 78 Jordan Teze
15%
Aucun quiz correspondant
Distribution des résultats
% des personnes avec chaque résultat
Percentile par nombre de réponses
Votre historique - résultats
Vous n’avez pas pris ce quiz